• 首页
  • 本馆介绍
  • 公告通知
  • 最新文献
  • 馆藏检索
  • 电子资源
  • 读者导购
  • 参考咨询
  • 我的图书馆
  • 登录
  • 详细信息显示
  • 放入我的书架
  • 预约/预借图书
  • 作者相关作品
  • 分类相关作品
  • 丛书相关作品
  • 出版社相关作品

书目信息

  • 表格格式
  • 工作单格式
  • 卡片格式
题名:
环境保护与清洁生产
    
 
作者: 杨永杰 主编
分册:  
出版信息: 北京   化学工业出版社  2002
页数: 270页
开本: 26cm
丛书名:
单 册:
中图分类: X , X383 , X3
科图分类:
主题词: 环境保护--高等教育--教材 , 无污染工艺--高等教育--教材 , CT--S033368--环境保护 , CT--S079420--无污染工艺 , 环境堡--环境管理
电子资源:
ISBN: 7-5025-3655-8
000 01039nam0 2200325 45
001 012002038109
005 20070720111957.31
010    @a7-5025-3655-8@dCNY25.00
035    @a(011001)c2002031442
100    @a20020511e20052002em y0chiy0110 ea
101 0  @achi
102    @aCN@b110000
105    @ay z 000yy
106    @ar
200 1  @a环境保护与清洁生产@Ahuan jing bao hu yu qing jie sheng chan@f杨永杰主编@Fyang yong jie zhu bian
210    @a北京@c化学工业出版社@d2002@h2005重印
215    @a270页@d26cm
300    @a教育部高职高专规划教材 高职高专工程基础课程教材
330    @a本书包括:环境与环境保护、环境保护措施、环境污染防治技术、清洁生产、绿色技术与绿色产品等内容。
606 0  @a环境保护@x高等教育@j教材
606 0  @a无污染工艺@x高等教育@j教材
606 0  @2CT@3S033368@a环境保护
606 0  @2CT@3S079420@a无污染工艺
606 0  @a环境堡@x环境管理
690    @aX@v4
690    @aX383@v4
690    @aX3@v3
701  0 @a杨永杰@Ayang yong jie@4主编
801  0 @aCN@bBNU@c20070720
905    @dX3@e84@f4
    
    环境保护与清洁生产/杨永杰主编.-北京:化学工业出版社,2002(2005重印)
    270页;26cm
    教育部高职高专规划教材 高职高专工程基础课程教材
    
    ISBN 7-5025-3655-8:CNY25.00
    本书包括:环境与环境保护、环境保护措施、环境污染防治技术、清洁生产、绿色技术与绿色产品等内容。
●
相关链接 在E读中查询图书 在五车中查询图书 在当当中查询图书 在豆瓣中查询图书


正题名:环境保护与清洁生产     索取号:X3/84         预约/预借

序号 登录号 条形码 馆藏地/架位号 状态 备注
1 0850492   208504929   第二样本阅览室/ [索取号:X3/84] 在馆    
2 0850493   208504938   第三借阅区/ [索取号:X3/84] 在馆    
3 0850494   208504947   第三借阅区/ [索取号:X3/84] 在馆    
4 0850495   208504956   第三借阅区/ [索取号:X3/84] 在馆    
唐山师范学院图书馆 欢迎您!
大连网信软件有限公司© 版权所有